Cine español en la era digital : emergencias y encrucijadas

Entre 1996 y 2011 se suceden dos gobiernos de distinto signo y la sociedad española vive transformaciones relevantes con la deslegitimación del terrorismo, la convulsiones yihadistas y las reacciones belicistas, las emergencias humanitarias, la crisis económica, el fin de ETA y los nuevos sujetos...

Full description

Saved in:
Bibliographic Details
Other Authors: Sánchez Noriega, José Luis (Editor, HerausgeberIn)
Document Type: Book
Language:Spanish
Published: Barcelona : Laertes , octubre 2020
Edition:Primera edición
Series:Kaplan 59
Subjects:
Online Access:Cover
Inhaltsverzeichnis
Inhaltsbeschreibung
Related Items:Rezensiert in: [Rezension von: José Luis Sánchez Noriega (Hrsg.), Cine español en la era digital]
Rezensiert in: [Rezension von: Sánchez Noriega, José Luis (Hrsg.), Cine español en la era digital]
Author Notes:José Luis Sánchez Noriega (ed.)
LEADER 04294cam a2200625 c 4500
001 1736219693
003 DE-627
005 20260421163043.0
007 tu
008 201022s2020 sp ||||| 00| ||spa c
020 |a 9788418292132  |9 978-84-18292-13-2 
035 |a (DE-627)1736219693 
035 |a (DE-599)KXP1736219693 
035 |a (OCoLC)1224015541 
035 |a (ZDB-21-EIL)4700650 
040 |a DE-627  |b ger  |c DE-627  |e rda 
041 |a spa 
044 |c XA-ES 
050 0 |a PN 
082 0 |a 791 
084 |a ROM  |q DE-18  |2 fid 
084 |a 15.66  |2 bkl 
084 |a 24.32  |2 bkl 
245 0 0 |a Cine español en la era digital  |b emergencias y encrucijadas  |c José Luis Sánchez Noriega (ed.) 
250 |a Primera edición 
264 1 |a Barcelona  |b Laertes  |c octubre 2020 
300 |a 493 Seiten  |b Illustrationen  |c 23 cm 
336 |a Text  |b txt  |2 rdacontent 
337 |a ohne Hilfsmittel zu benutzen  |b n  |2 rdamedia 
338 |a Band  |b nc  |2 rdacarrier 
490 1 |a Kaplan  |v 59 
500 |a Collected essays 
500 |a Includes bibliographical references (pages 473-481) and indexes 
520 |a Entre 1996 y 2011 se suceden dos gobiernos de distinto signo y la sociedad española vive transformaciones relevantes con la deslegitimación del terrorismo, la convulsiones yihadistas y las reacciones belicistas, las emergencias humanitarias, la crisis económica, el fin de ETA y los nuevos sujetos políticos del movimiento 15-M en el inicio del segundo decenio del XXI. En el cine español surge una nueva generación de cineastas y el acceso de mujeres a trabajos de guion y dirección; es la principal emergencia de una cinematografía situada ante varias encrucijadas: la revolución digital, la diversificación de géneros y formatos, las innovaciones en la exhibición y los públicos más plurales, de un cine cada vez más transnacional y de identidad global. La aportación principal de este libro son los análisis de 131 películas que revelan la diversidad de géneros, estilos, figuras de ficción, personalidades, diálogos con la realidad, compromiso social o político, etc. del cine en estos años marcados por esas transformaciones. Se complementa este corpus con capítulos dedicados a trazar un panorama de la historia, política y sociedad de la España; a cartografiar las nuevas tendencias, evolución de autores, estilos y géneros, representaciones de conflictos contemporáneos y discurso político de nuestro cine; a dar cuenta del cine hecho por la generación de mujeres más numerosa de toda su historia; y a reflexionar sobre la percepción social y la recepción pública de las películas. 
655 7 |a Aufsatzsammlung  |0 (DE-588)4143413-4  |0 (DE-627)105605727  |0 (DE-576)209726091  |2 gnd-content 
689 0 0 |d g  |0 (DE-588)4055964-6  |0 (DE-627)104616806  |0 (DE-576)209116080  |a Spanien  |2 gnd 
689 0 1 |d s  |0 (DE-588)4017102-4  |0 (DE-627)104559683  |0 (DE-576)208918531  |a Film  |2 gnd 
689 0 2 |a z  |2 gnd  |a Geschichte 1996-2012 
689 0 |5 (DE-627) 
700 1 |a Sánchez Noriega, José Luis  |d 1957-  |e HerausgeberIn  |0 (DE-588)133338444  |0 (DE-627)541647350  |0 (DE-576)299781747  |4 edt 
787 0 8 |i Rezensiert in  |a Caballero Ruiz, Laura  |t [Rezension von: José Luis Sánchez Noriega (Hrsg.), Cine español en la era digital]  |d 2021  |w (DE-627)177477383X 
787 0 8 |i Rezensiert in  |a Manso, Valeriano Durán  |t [Rezension von: Sánchez Noriega, José Luis (Hrsg.), Cine español en la era digital]  |d 2022  |w (DE-627)1926031512 
830 0 |a Kaplan  |v 59  |9 59  |w (DE-627)530671352  |w (DE-576)024745545  |w (DE-600)2326889-X  |7 am 
856 4 2 |u https://www.marcialpons.es/media/img/portadas/2020/10/20/9788418292132.jpg  |x Verlag  |3 Cover  |7 1 
856 4 2 |u https://www.gbv.de/dms/spk/iai/toc/1736219693.pdf  |m V:DE-601  |m B:DE-204  |q pdf/application  |v 2024-11-29  |3 Inhaltsverzeichnis  |7 1 
856 4 2 |u https://laertes.es/cine-espanol-en-la-era-digital  |q application  |y Inhaltsbeschreibung  |7 1 
936 b k |a 15.66  |j Spanien  |j Portugal  |x Geschichte  |q DA-3  |0 (DE-627)181571447 
936 b k |a 24.32  |j Filmgeschichte  |q DA-3  |0 (DE-627)106405934 
951 |a BO 
990 |a Spanien 
990 |a Film 
990 |a Geschichte 1996-2012 
991 |a Rezensiertes Werk 
999 |a KXP-PPN1736219693  |e 4036695886 
999 |a KXP-PPN1736219693  |e 4933909466